Employment in an underdeveloped area : a sample survey of Kingston, Jamaica.

Enregistré dans:
Détails bibliographiques
Auteur principal: Maunder, W. F.
Format: Livre
Langue:English
Publié: New Haven : Yale University Press, [1960].
Collection:Caribbean series ; 3
Sujets:
LEADER 01082nam a2200265 i 4500
001 c000245726
003 CARM
005 00000000000000.0
008 840311s1960 ctu 0 eng d
019 1 |a 2493499  |z 53531729  |5 LACONCORD2021 
035 |a (OCoLC)232336  |5 LACONCORD2021 
082 0 4 |a 331.13797292 
100 1 |a Maunder, W. F. 
245 1 0 |a Employment in an underdeveloped area :  |b a sample survey of Kingston, Jamaica. 
260 |a New Haven :  |b Yale University Press,  |c [1960]. 
300 |a 215 p. 
440 0 |a Caribbean series ;  |v 3 
650 0 |a Unemployed  |z Jamaica  |z Kingston. 
650 0 |a Unemployed  |x Case studies. 
651 0 |a Developing countries  |x Case studies. 
852 8 |b CARM  |h A1:AP01B0  |i B07682  |p 0339145  |f BK 
852 8 |b CARM  |h A1:AM35B0  |i B09728  |p 0439928  |f BK 
999 f f |i 237815a7-85f9-5b25-852a-6bf700e3ba5b  |s a829daac-2b67-528f-ab7d-db465a28c7d4 
952 f f |p Can circulate  |a CAVAL  |b CAVAL  |c CAVAL  |d CARM 1 Store  |e B09728  |f A1:AM35B0  |h Other scheme  |i book  |m 0439928 
952 f f |p Can circulate  |a CAVAL  |b CAVAL  |c CAVAL  |d CARM 1 Store  |e B07682  |f A1:AP01B0  |h Other scheme  |i book  |m 0339145